000 00588nam a2200157 a 4500
008 120416s1965 ||||||||||||||||| || u
050 _aQK 495.G74.S7 Gra
100 _aMeredith, D. B. David
245 1 4 _aThe grasses and pastures of South Africa
_cedited by D. Meredith
260 _aCape Town
_bCentral News Agency
_c1965
300 _axvi, 770p. : ill
350 _a0.00
650 _aBOTANY
650 _aBOTANY--AFRICA, SOUTH
995 _D0.00
_FCBU-MAIN LIBRARY (Kitwe)
_H1
_I12.00
_M1
_UDAMAGED
_ZMain Library Open Access Collection
999 _c44896
_d44896